[Event "Haustmót Taflfélags Reykjavíkur 2015,"]
[Site "Faxafen 12, Reykjavík"]
[Date "2015.09.13"]
[Round "1.1"]
[White "Bjarnason, Saevar"]
[Black "Jonasson, Benedikt"]
[Result "0-1"]
[WhiteElo "2108"]
[BlackElo "2230"]
[PlyCount "72"]
[EventDate "2015.09.13"]

1. d4 Nf6 2. c4 g6 3. Nc3 Bg7 4. e4 d6 5. f3 c5 6. dxc5 dxc5 7. Qxd8+ Kxd8 8.
Bg5 Nfd7 9. Nge2 Nc6 10. O-O-O b6 11. f4 Bb7 12. e5 h6 13. Bh4 g5 14. fxg5
Ncxe5 15. Nf4 hxg5 16. Bxg5 Bh6 17. Bxh6 Rxh6 18. Be2 e6 19. h4 Ke7 20. h5 Rg8
21. Rh4 Nf6 22. Rg1 Rg3 23. Rhh1 Nc6 24. Kd2 Nd4 25. Ke1 e5 26. Nfd5+ Bxd5 27.
cxd5 Nxe2 28. Kxe2 Rxh5 29. Rxh5 Nxh5 30. Kf2 Rd3 31. g3 Nf6 32. Ke2 Rd4 33.
Nb5 Rb4 34. Nxa7 Rxb2+ 35. Kd3 Nxd5 36. a4 Kd6 0-1

[Event "Haustmót Taflfélags Reykjavíkur 2015,"]
[Site "Faxafen 12, Reykjavík"]
[Date "2015.10.11"]
[Round "7.1"]
[White "Thorfinnsson, Bragi"]
[Black "Jonasson, Benedikt"]
[Result "1-0"]
[WhiteElo "2414"]
[BlackElo "2230"]
[PlyCount "79"]
[EventDate "2015.09.13"]

1. e4 c5 2. Nf3 Nc6 3. Bb5 g6 4. O-O Bg7 5. Re1 e5 6. Bxc6 bxc6 7. b4 cxb4 8.
a3 b3 9. cxb3 Ne7 10. Bb2 d6 11. d4 Bg4 12. dxe5 Bxf3 13. Qxf3 dxe5 14. Qg3 f6
15. Nc3 O-O 16. Na4 Rf7 17. Red1 Qe8 18. h4 Rd8 19. Nc5 Nc8 20. b4 Rxd1+ 21.
Rxd1 Bf8 22. Qg4 Bxc5 23. bxc5 Rb7 24. Bc1 h5 25. Qh3 Kf7 26. Qd3 Ke7 27. Qa6
Rd7 28. Rf1 Rd4 29. Be3 Rd8 30. f4 exf4 31. Bxf4 Qd7 32. e5 Kf7 33. exf6 Re8
34. Qc4+ Qe6 35. Qxe6+ Kxe6 36. Bg5 Rf8 37. Rd1 a5 38. a4 Re8 39. Re1+ Kd7 40.
Rb1 1-0

[Event "Haustmót Taflfélags Reykjavíkur 2015,"]
[Site "Faxafen 12, Reykjavík"]
[Date "2015.10.11"]
[Round "7.2"]
[White "Ptacnikova, Lenka"]
[Black "Jensson, Einar Hjalti"]
[Result "1/2-1/2"]
[WhiteElo "2235"]
[BlackElo "2392"]
[PlyCount "157"]
[EventDate "2015.09.13"]

1. e4 c5 2. Nf3 Nc6 3. c4 e5 4. Nc3 d6 5. Be2 f5 6. exf5 Bxf5 7. O-O Be7 8. a3
Nf6 9. b4 O-O 10. Qb3 e4 11. Ne1 Nd4 12. Qd1 Qe8 13. d3 Qg6 14. dxe4 Nxe4 15.
Nd5 Rae8 16. Bh5 Qe6 17. Bxe8 Rxe8 18. Bb2 Bf6 19. Nd3 Rf8 20. bxc5 dxc5 21.
Nxc5 Nxc5 22. Nxf6+ gxf6 23. Re1 Qxc4 24. Bxd4 Nd3 25. Bxa7 Nxe1 26. Qxe1 Qe4
27. Qc3 Qd3 28. Qc7 Qd7 29. Qf4 Re8 30. Be3 Re4 31. Qf3 Re7 32. Rd1 Qe6 33. h3
Kf7 34. Rd8 Rd7 35. Rb8 Be4 36. Qh5+ Bg6 37. Qc5 Re7 38. a4 Qc6 39. Qxc6 bxc6
40. a5 Bd3 41. Rb6 Bb5 42. a6 Bd3 43. Rxc6 Be4 44. Rc8 Re8 45. Rc4 Bd5 46. Rc5
Ke6 47. a7 Rg8 48. g3 Bf3 49. Kh2 h5 50. Rc4 f5 51. Bb6 Re8 52. Rf4 Bb7 53. Rd4
Rc8 54. Rd1 Rc6 55. Be3 Rc2 56. Ra1 Ba8 57. Kg1 Rc8 58. Rb1 Rd8 59. f4 Be4 60.
Ra1 Rg8 61. Kf2 Rc8 62. Bd2 Kd7 63. Ra5 Rd8 64. Rb5 Ra8 65. Be3 Rc8 66. Rb2 Bd5
67. Bd4 Rc4 68. Be3 Ra4 69. h4 Be4 70. Ke1 Ra3 71. Kd2 Rd3+ 72. Ke2 Ra3 73. Bf2
Bf3+ 74. Kd2 Be4 75. Rb8 Ra2+ 76. Ke1 Ra1+ 77. Ke2 Ra2+ 78. Ke1 Ra1+ 79. Ke2
1/2-1/2

[Event "Haustmót Taflfélags Reykjavíkur 2015,"]
[Site "Faxafen 12, Reykjavík"]
[Date "2015.10.11"]
[Round "7.4"]
[White "Thorhallsson, Gylfi"]
[Black "Bjarnason, Saevar"]
[Result "1-0"]
[WhiteElo "2080"]
[BlackElo "2108"]
[PlyCount "107"]
[EventDate "2015.09.13"]

1. e4 e6 2. d4 d5 3. Nd2 Nf6 4. e5 Nfd7 5. Bd3 c5 6. c3 Nc6 7. Ne2 cxd4 8. cxd4
f6 9. exf6 Nxf6 10. O-O Bd6 11. Nf3 Qc7 12. Bg5 O-O 13. Ng3 Bd7 14. Rc1 Rae8
15. Bb1 Re7 16. a3 Be8 17. Re1 h6 18. Bxf6 gxf6 19. Rc3 Qd7 20. Qd2 Bxg3 21.
hxg3 Kg7 22. Nh4 Rh8 23. b4 Qd6 24. Rce3 a6 25. Rxe6 Qxe6 26. Rxe6 Rxe6 27. Bf5
Re7 28. Qf4 Bf7 29. Qg4+ Kf8 30. Ng6+ Bxg6 31. Qxg6 Rg8 32. Qxf6+ Ke8 33. Be6
Rf8 34. Qg6+ Kd8 35. Bxd5 Re1+ 36. Kh2 Rxf2 37. Qd6+ Ke8 38. Bxc6+ bxc6 39.
Qxc6+ Kf7 40. Qb7+ Kg6 41. Qxa6+ Rf6 42. Qd3+ Kg7 43. d5 Rff1 44. g4 Rd1 45.
Qc3+ Kg6 46. Qe3 Rfe1 47. Qf3 Rf1 48. Qe4+ Kg7 49. d6 Rf6 50. Qe7+ Kg6 51. Qe4+
Kg7 52. Qe5 Kg6 53. b5 Rfxd6 54. a4 1-0

[Event "Haustmót Taflfélags Reykjavíkur 2015,"]
[Site "Faxafen 12, Reykjavík"]
[Date "2015.10.11"]
[Round "7.5"]
[White "Viglundsson, Bjorgvin"]
[Black "Bergsson, Stefan"]
[Result "1-0"]
[WhiteElo "2169"]
[BlackElo "2067"]
[PlyCount "51"]
[EventDate "2015.09.13"]

1. d4 f5 2. Bg5 h6 3. Bd2 Nf6 4. c4 b5 5. cxb5 Bb7 6. Nf3 c6 7. e3 g5 8. Nc3
Bg7 9. Bd3 O-O 10. O-O e6 11. Rc1 d6 12. Qb3 Nd5 13. bxc6 Bxc6 14. Bc4 Nb6 15.
Bxe6+ Kh8 16. d5 Be8 17. Nb5 g4 18. Nfd4 Na6 19. Nc6 Bxc6 20. Rxc6 Nc5 21. Qc2
Ne4 22. Nc3 Ng5 23. Ne2 Be5 24. Bc3 Nd7 25. Nf4 Rf6 26. Bxd7 1-0

[Event "Haustmót Taflfélags Reykjavíkur 2015,"]
[Site "Faxafen 12, Reykjavík"]
[Date "2015.10.11"]
[Round "7.1"]
[White "Moller, Agnar T"]
[Black "Thorsteinsdottir, Gudlaug"]
[Result "1/2-1/2"]
[WhiteElo "1854"]
[BlackElo "1934"]
[PlyCount "95"]
[EventDate "2015.09.13"]

1. Nf3 d5 2. c4 e6 3. b3 Nf6 4. Bb2 Be7 5. g3 O-O 6. Bg2 c5 7. O-O Nc6 8. e3
dxc4 9. bxc4 Qc7 10. Nc3 a6 11. Qe2 Rb8 12. Ne1 Rd8 13. f4 b5 14. cxb5 axb5 15.
Nxb5 Ba6 16. a4 Qd7 17. Be5 Rbc8 18. Rf2 Nb4 19. Rd1 Nfd5 20. Qg4 f6 21. Bb2
Nxe3 22. dxe3 Qxd1 23. Qxe6+ Kf8 24. Bc3 Bxb5 25. axb5 Qd7 26. Qxd7 Rxd7 27.
Bh3 Rdc7 28. Bxc8 Rxc8 29. Nc2 Rb8 30. Na3 f5 31. Rd2 Rb7 32. h3 Kf7 33. g4 g6
34. gxf5 gxf5 35. Kg2 Ke6 36. Kf3 Nd5 37. Be5 Ra7 38. Nc4 Ra4 39. Rxd5 Rxc4 40.
Rd2 Rb4 41. Rb2 Kd5 42. b6 Kc6 43. b7 Kxb7 44. Rxb4+ cxb4 45. e4 fxe4+ 46. Kxe4
Kc6 47. f5 Bf8 48. f6 1/2-1/2

[Event "Haustmót Taflfélags Reykjavíkur 2015,"]
[Site "Faxafen 12, Reykjavík"]
[Date "2015.10.11"]
[Round "7.2"]
[White "Birkisson, Bardur Orn"]
[Black "Jonsson, Olafur Gisli"]
[Result "0-1"]
[WhiteElo "1854"]
[BlackElo "1926"]
[PlyCount "82"]
[EventDate "2015.09.13"]

1. e4 c5 2. Nf3 d6 3. d4 cxd4 4. Nxd4 Nf6 5. Nc3 a6 6. Bg5 e6 7. f4 Qc7 8. Qf3
Nbd7 9. O-O-O b5 10. g4 b4 11. Nce2 Bb7 12. Ng3 Rc8 13. Bd3 Nc5 14. Bxf6 Nxd3+
15. Qxd3 gxf6 16. Nh5 Be7 17. Ng7+ Kd7 18. Rhe1 Rhg8 19. Nh5 Qc4 20. e5 Qxd3
21. Rxd3 fxe5 22. fxe5 Rxg4 23. exd6 Bg5+ 24. Kb1 Be4 25. Rg3 Rxg3 26. Nxg3 Bg6
27. Ne4 Bh4 28. Re3 Rc4 29. Nb3 Bxe4 30. Rxe4 Rxe4 31. Nc5+ Kxd6 32. Nxe4+ Kd5
33. Nd2 f5 34. c4+ bxc3 35. bxc3 Be1 36. Nf3 Bxc3 37. Kc2 Bf6 38. Kd3 e5 39.
Nd2 e4+ 40. Ke2 f4 41. h3 f3+ 0-1

[Event "Haustmót Taflfélags Reykjavíkur 2015,"]
[Site "Faxafen 12, Reykjavík"]
[Date "2015.10.11"]
[Round "7.3"]
[White "Ragnarsson, Johann"]
[Black "Sigurjonsson, Siguringi"]
[Result "1/2-1/2"]
[WhiteElo "2033"]
[BlackElo "1989"]
[PlyCount "87"]
[EventDate "2015.09.13"]

1. d4 d6 2. Nf3 f5 3. Qd3 Nf6 4. h3 g6 5. g4 fxg4 6. hxg4 Bxg4 7. Ng5 Qd7 8.
Qb3 Qc6 9. e4 Qb6 10. Qf7+ Kd8 11. f3 Bd7 12. Bh3 Nc6 13. Bxd7 Kxd7 14. Qe6+
Ke8 15. e5 dxe5 16. Qf7+ Kd7 17. Qe6+ Ke8 18. Qf7+ Kd8 19. Ne6+ Kd7 20. Bg5
Nxd4 21. Bxf6 Nxe6 22. Bxh8 Qxb2 23. O-O Qxa1 24. Rd1+ Nd4 25. Bxe5 c5 26. c3
Bh6 27. Qd5+ Ke8 28. cxd4 Be3+ 29. Kh1 cxd4 30. Qg8+ Kd7 31. Qxa8 Qb2 32. Qxa7
Qe2 33. Qxb7+ Ke6 34. Qb3+ Kxe5 35. Qb8+ Ke6 36. Qb3+ Ke5 37. Qb8+ Ke6 38. Qb6+
Kf7 39. Qb3+ Kg7 40. Qd3 Qxf3+ 41. Kh2 Qf2+ 42. Kh1 Qf3+ 43. Kh2 Qf2+ 44. Kh1
1/2-1/2

[Event "Haustmót Taflfélags Reykjavíkur 2015,"]
[Site "Faxafen 12, Reykjavík"]
[Date "2015.10.11"]
[Round "7.4"]
[White "Birkisson, Bjorn Holm"]
[Black "Sigurdsson, Snorri Thor"]
[Result "1/2-1/2"]
[WhiteElo "1907"]
[BlackElo "1956"]
[PlyCount "51"]
[EventDate "2015.09.13"]

1. e4 e6 2. d4 d5 3. Nd2 c5 4. Ngf3 cxd4 5. exd5 Qxd5 6. Bc4 Qd6 7. O-O Nf6 8.
Nb3 Nc6 9. Nbxd4 Nxd4 10. Nxd4 a6 11. Re1 Qc7 12. Qe2 Bc5 13. c3 O-O 14. Bg5
Bxd4 15. cxd4 Nd5 16. Bxd5 exd5 17. Qf3 Be6 18. Bf4 Qd7 19. Qg3 Kh8 20. Rac1
Rac8 21. h4 Rxc1 22. Rxc1 Rc8 23. Rc7 Rxc7 24. Bxc7 f6 25. Qd6 Qxd6 26. Bxd6
1/2-1/2

[Event "Haustmót Taflfélags Reykjavíkur 2015,"]
[Site "Faxafen 12, Reykjavík"]
[Date "2015.10.11"]
[Round "7.5"]
[White "Stefansson, Vignir Vatnar"]
[Black "Hauksson, Hordur Aron"]
[Result "1/2-1/2"]
[WhiteElo "1921"]
[BlackElo "1958"]
[PlyCount "82"]
[EventDate "2015.09.13"]

1. e4 c5 2. Nf3 Nc6 3. g3 d6 4. Bg2 Nf6 5. d3 g6 6. O-O Bg7 7. Nbd2 O-O 8. Re1
Rb8 9. c3 e5 10. d4 exd4 11. cxd4 cxd4 12. Nb3 Qb6 13. Nfxd4 Ng4 14. Be3 Nxe3
15. fxe3 Ne5 16. Rc1 a5 17. Qd2 Qa6 18. Bf1 b5 19. a4 Qa8 20. axb5 a4 21. Na5
Qxe4 22. Bg2 Qg4 23. Qd1 Bd7 24. Nac6 Bxc6 25. Bxc6 Qxd1 26. Rexd1 Nxc6 27.
bxc6 Rxb2 28. Ra1 Rc8 29. Rdc1 Rb4 30. c7 Bxd4 31. exd4 Kg7 32. d5 Rb7 33. Rc6
Rbxc7 34. Rxd6 Rc1+ 35. Rxc1 Rxc1+ 36. Kg2 a3 37. Ra6 Rd1 38. d6 a2 39. Rxa2
Rxd6 40. g4 g5 41. Ra5 Kg6 {Jafntefli samid eftir 85 leiki.} 1/2-1/2

[Event "Haustmót Taflfélags Reykjavíkur 2015,"]
[Site "Faxafen 12, Reykjavík"]
[Date "2015.10.11"]
[Round "7.4"]
[White "Jonsson, Gauti Pall"]
[Black "Davidsson, Oskar Vikingur"]
[Result "1-0"]
[WhiteElo "1843"]
[BlackElo "1490"]
[PlyCount "59"]
[EventDate "2015.09.13"]

1. e4 c5 2. Nf3 e6 3. d4 cxd4 4. Nxd4 Nc6 5. Nc3 Qc7 6. Be3 a6 7. Bd3 Nf6 8.
O-O b5 9. Nxc6 dxc6 10. f4 h5 11. h3 Bb7 12. f5 e5 13. g4 hxg4 14. hxg4 c5 15.
g5 c4 16. gxf6 cxd3 17. fxg7 Bxg7 18. f6 Bh6 19. Qxd3 Bxe3+ 20. Qxe3 b4 21. Nd5
Bxd5 22. exd5 Qxc2 23. Qxe5+ Kf8 24. Qd6+ Kg8 25. Qg3+ Qg6 26. Qxg6+ fxg6 27.
Rae1 Rh5 28. f7+ Kg7 29. Re8 Rh8 30. f8=Q+ 1-0

[Event "Haustmót Taflfélags Reykjavíkur 2015,"]
[Site "Faxafen 12, Reykjavík"]
[Date "2015.10.11"]
[Round "7.3"]
[White "Briem, Hedinn"]
[Black "Jonasson, Hordur"]
[Result "0-1"]
[WhiteElo "1488"]
[BlackElo "1551"]
[PlyCount "124"]
[EventDate "2015.09.13"]

1. d4 Nf6 2. Bg5 e6 3. e4 d6 4. Nc3 Be7 5. Nf3 O-O 6. Be2 h6 7. Bxf6 Bxf6 8. e5
dxe5 9. dxe5 Be7 10. O-O a6 11. Bd3 Bd7 12. Qe2 Bc6 13. Rad1 Qe8 14. Nd4 Bc5
15. Nxc6 Qxc6 16. Be4 Qb6 17. Na4 Qb4 18. Nxc5 Qxc5 19. Bxb7 Ra7 20. Be4 Nc6
21. Bxc6 Qxc6 22. Qd3 Raa8 23. Rd2 Rad8 24. Qe3 Rxd2 25. Qxd2 Rb8 26. b3 Qc5
27. Qe2 a5 28. a4 Rd8 29. Kh1 Qc3 30. Rd1 Rxd1+ 31. Qxd1 Qxe5 32. h3 Qc3 33.
Kg1 g6 34. Kf1 Kf8 35. Qd8+ Kg7 36. Qd3 Qe5 37. c3 c5 38. Qe3 Qd5 39. Ke2 Qxb3
40. Qxc5 Qxa4 41. Kd3 Kf6 42. Qd4+ Qxd4+ 43. Kxd4 a4 44. c4 a3 45. Kc3 a2 46.
Kb2 a1=Q+ 47. Kxa1 Ke5 48. Kb2 Kd4 49. Kb3 Kc5 50. Kc3 e5 51. Kd3 f5 52. f3 h5
53. g4 h4 54. g5 Kb4 55. f4 exf4 56. Ke2 Kxc4 57. Kf3 Kd3 58. Kxf4 Kd4 59. Kf3
Ke5 60. Ke3 f4+ 61. Kf3 Kf5 62. Kf2 Kxg5 0-1

[Event "Haustmót Taflfélags Reykjavíkur 2015,"]
[Site "Faxafen 12, Reykjavík"]
[Date "2015.10.11"]
[Round "7.2"]
[White "Magnusdottir, Veronika Steinun"]
[Black "Luu, Robert"]
[Result "1-0"]
[WhiteElo "1769"]
[BlackElo "1742"]
[PlyCount "91"]
[EventDate "2015.09.13"]

1. e4 b6 2. d4 Bb7 3. Bd3 e6 4. Nf3 Nf6 5. Qe2 d5 6. exd5 Nxd5 7. c3 Be7 8. Ne5
Nf6 9. Bf4 O-O 10. Nd2 Nbd7 11. Ndf3 c5 12. Nxd7 Qxd7 13. Rd1 Qc6 14. dxc5 Qxc5
15. Ne5 Rad8 16. O-O Qc8 17. Qe3 Rfe8 18. Qh3 g6 19. Rfe1 Nh5 20. Be3 Bf8 21.
Ng4 Ba6 22. Nh6+ Kg7 23. Qf3 Nf6 24. Bd4 Be7 25. Ng4 Rxd4 26. cxd4 Bb7 27. Qf4
Nxg4 28. Qxg4 Bf6 29. Be4 Rd8 30. Bxb7 Qxb7 31. b3 Qd5 32. Re2 Rc8 33. h3 Qg5
34. Qxg5 Bxg5 35. d5 exd5 36. Rxd5 Bf4 37. g3 Rc1+ 38. Kg2 Bb8 39. Rd8 Bc7 40.
Rd7 Bb8 41. Ree7 Kh6 42. Rxf7 Kg5 43. h4+ Kh5 44. Rxh7+ Kg4 45. Rd5 Rc2 46.
Rg5# 1-0

[Event "Haustmót Taflfélags Reykjavíkur 2015,"]
[Site "Faxafen 12, Reykjavík"]
[Date "2015.10.11"]
[Round "7.5"]
[White "Vignisson, Ingvar Egill"]
[Black "Mai, Aron Thor"]
[Result "0-1"]
[WhiteElo "1549"]
[BlackElo "1502"]
[PlyCount "138"]
[EventDate "2015.09.13"]

1. c4 Nf6 2. g3 g6 3. Bg2 Bg7 4. Nc3 O-O 5. e4 d6 6. d4 e5 7. d5 a5 8. Nge2 Na6
9. O-O h6 10. h3 Nh7 11. Be3 Bd7 12. Qd2 h5 13. f4 exf4 14. Nxf4 b6 15. Nd3 Nc5
16. Nxc5 bxc5 17. Rf2 a4 18. Rd1 Qe7 19. Kh2 Be5 20. Bf4 Bg7 21. e5 dxe5 22. d6
cxd6 23. Bxa8 exf4 24. Bd5 fxg3+ 25. Kxg3 Be5+ 26. Kg2 Qh4 27. Qd3 Ng5 28.
Qxg6+ Bg7 29. Qxd6 Bxh3+ 30. Kg1 Qg4+ 31. Kh2 Qh4 32. Rf4 Bg4+ 33. Kg1 Nh3+ 34.
Kg2 Nxf4+ 35. Qxf4 Bh3+ 36. Kf3 Bg2+ 37. Ke3 Bd4+ 38. Rxd4 cxd4+ 39. Qxd4 Re8+
40. Ne4 Qe1+ 41. Kd3 Bxe4+ 42. Bxe4 Qd1+ 43. Kc3 Qxd4+ 44. Kxd4 Rd8+ 45. Kc3
Kf8 46. Bc6 h4 47. Bxa4 h3 48. Kc2 Rd6 49. c5 h2 50. cxd6 h1=Q 51. d7 Ke7 52.
b4 Qa8 53. Kb3 f5 54. Bb5 f4 55. a4 Qb7 56. Kc4 f3 57. Kc5 Qxb5+ 58. Kxb5 f2
59. Kb6 f1=Q 60. a5 Kxd7 61. b5 Kc8 62. a6 Kb8 63. Ka5 Qf5 64. Kb6 Qe6+ 65. Ka5
Qd5 66. Kb6 Qd6+ 67. Ka5 Qc5 68. Ka4 Ka8 69. Ka5 Ka7 0-1

[Event "Haustmót Taflfélags Reykjavíkur 2015,"]
[Site "Faxafen 12, Reykjavík"]
[Date "2015.10.07"]
[Round "6.1"]
[White "Jonasson, Benedikt"]
[Black "Viglundsson, Bjorgvin"]
[Result "1/2-1/2"]
[WhiteElo "2230"]
[BlackElo "2169"]
[PlyCount "72"]
[EventDate "2015.09.13"]

1. e4 Nf6 2. Nc3 d5 3. e5 Nfd7 4. d4 Nb6 5. Nf3 Bg4 6. h3 Bxf3 7. Qxf3 e6 8.
Bd3 c5 9. dxc5 N6d7 10. Qg3 Nc6 11. Bf4 Nxc5 12. O-O Nxd3 13. Qxd3 a6 14. a3
Rc8 15. Rad1 Ne7 16. Rfe1 Ng6 17. Be3 Be7 18. Bd4 O-O 19. g3 Bc5 20. Qe3 Bxd4
21. Rxd4 Qb6 22. Rb4 Qxe3 23. Rxe3 Rfd8 24. Re2 d4 25. Ne4 Nxe5 26. Rxb7 Rb8
27. Rxb8 Rxb8 28. Nc5 Nc4 29. Re4 e5 30. Nd7 Re8 31. b3 Nxa3 32. Rxe5 Rxe5 33.
Nxe5 Nxc2 34. Kf1 Nb4 35. Ke2 Kf8 36. Nf3 d3+ 1/2-1/2

[Event "Haustmót Taflfélags Reykjavíkur 2015,"]
[Site "Faxafen 12, Reykjavík"]
[Date "2015.10.07"]
[Round "6.2"]
[White "Bergsson, Stefan"]
[Black "Thorhallsson, Gylfi"]
[Result "0-1"]
[WhiteElo "2067"]
[BlackElo "2080"]
[PlyCount "42"]
[EventDate "2015.09.13"]

1. d4 Nf6 2. c4 e6 3. Nc3 Bb4 4. Qc2 c5 5. a3 Bxc3+ 6. bxc3 Nc6 7. Nf3 cxd4 8.
cxd4 d5 9. e3 O-O 10. c5 Ne4 11. Bd3 f5 12. Bb2 Bd7 13. O-O g5 14. Bb5 g4 15.
Bxc6 gxf3 16. Bxd7 Qg5 17. g3 Qg4 18. Qd1 Ng5 19. Kh1 Rf6 20. Rg1 Qh3 21. Qf1
Qxh2+ 0-1

[Event "Haustmót Taflfélags Reykjavíkur 2015,"]
[Site "Faxafen 12, Reykjavík"]
[Date "2015.10.07"]
[Round "6.4"]
[White "Johannsson, Orn Leo"]
[Black "Ptacnikova, Lenka"]
[Result "1-0"]
[WhiteElo "2123"]
[BlackElo "2235"]
[PlyCount "55"]
[EventDate "2015.09.13"]

1. e4 d6 2. f4 g6 3. Nf3 Bg7 4. d3 d5 5. Nbd2 c5 6. Be2 Nc6 7. O-O e6 8. c3
Nge7 9. Qe1 b6 10. Qh4 Ba6 11. Re1 dxe4 12. dxe4 Bxe2 13. Rxe2 Qd3 14. Re1 e5
15. fxe5 Nxe5 16. Nxe5 Bxe5 17. Nf3 Bg7 18. Bf4 f6 19. Rad1 Qc4 20. Bd6 Nc6 21.
Qh3 Qf7 22. e5 f5 23. Ng5 Qxa2 24. Qf3 Rc8 25. Ra1 Qc4 26. Rxa7 Nxa7 27. Qb7
Bf8 28. e6 1-0

[Event "Haustmót Taflfélags Reykjavíkur 2015,"]
[Site "Faxafen 12, Reykjavík"]
[Date "2015.10.07"]
[Round "6.5"]
[White "Jensson, Einar Hjalti"]
[Black "Thorfinnsson, Bragi"]
[Result "1-0"]
[WhiteElo "2392"]
[BlackElo "2414"]
[PlyCount "103"]
[EventDate "2015.09.13"]

1. e4 c5 2. Nf3 d6 3. Bb5+ Nd7 4. d4 cxd4 5. Qxd4 a6 6. Bxd7+ Bxd7 7. O-O Rc8
8. c4 e5 9. Qd3 b5 10. Na3 Qb6 11. Be3 Qb7 12. Rac1 Nf6 13. Nd2 Be7 14. cxb5
Rxc1 15. Rxc1 axb5 16. Bg5 O-O 17. Nc2 Rc8 18. Rd1 Qa7 19. Bxf6 Bxf6 20. Nb4
Qa4 21. Qb3 Be6 22. Qxa4 bxa4 23. a3 Bg5 24. Kf1 g6 25. Ke2 Kg7 26. h3 h5 27.
f3 h4 28. Kf2 Bb3 29. Nxb3 axb3 30. Kf1 Rc2 31. Nd3 Be3 32. a4 f5 33. a5 fxe4
34. fxe4 d5 35. exd5 e4 36. a6 Bb6 37. Nb4 Rxb2 38. d6 Rf2+ 39. Ke1 Rxg2 40.
Nd5 b2 41. Nc3 Rc2 42. Rb1 e3 43. d7 Ba5 44. Kf1 Rxc3 45. Rxb2 Ra3 46. a7 Bd8
47. Rb8 Rxa7 48. Rxd8 Kf7 49. Rf8+ Kxf8 50. d8=Q+ Kf7 51. Qd5+ Ke8 52. Qg8+ 1-0

[Event "Haustmót Taflfélags Reykjavíkur 2015,"]
[Site "Faxafen 12, Reykjavík"]
[Date "2015.10.07"]
[Round "6.1"]
[White "Thorsteinsdottir, Gudlaug"]
[Black "Stefansson, Vignir Vatnar"]
[Result "1/2-1/2"]
[WhiteElo "1934"]
[BlackElo "1921"]
[PlyCount "114"]
[EventDate "2015.09.13"]

1. d4 Nf6 2. c4 e6 3. Nf3 c5 4. Nc3 cxd4 5. Nxd4 Bb4 6. Bd2 O-O 7. e3 b6 8. Be2
Bb7 9. O-O Na6 10. a3 Bxc3 11. Bxc3 Ne4 12. Be1 Qg5 13. f4 Qg6 14. Bf3 Rac8 15.
Rc1 f5 16. Nb5 d5 17. cxd5 Rxc1 18. Qxc1 Bxd5 19. b4 Qf7 20. Bxe4 fxe4 21. Qc3
Nb8 22. Bg3 Qd7 23. Nd4 Rc8 24. Qb2 Nc6 25. Ne2 Ne7 26. Rc1 Nf5 27. Bf2 Nd6 28.
Rxc8+ Qxc8 29. Qc3 Qa6 30. Nd4 Qd3 31. Qc1 Nc4 32. a4 h6 33. h3 Kh7 34. Nb5 a6
35. Nc3 a5 36. bxa5 bxa5 37. Kh2 Kg8 38. h4 g6 39. Nb5 Kf7 40. Qa1 Qe2 41. Bg1
Qb2 42. Qd1 h5 43. Kh3 Nd2 44. Qe1 e5 45. f5 gxf5 46. Qg3 f4 47. Nd6+ Ke6 48.
Qg6+ Kd7 49. Nb5 Be6+ 50. Kh2 Qb4 51. exf4 exf4 52. Qg7+ Qe7 53. Qd4+ Ke8 54.
Qh8+ Kd7 55. Qd4+ Ke8 56. Qh8+ Kd7 57. Qd4+ Ke8 1/2-1/2

[Event "Haustmót Taflfélags Reykjavíkur 2015,"]
[Site "Faxafen 12, Reykjavík"]
[Date "2015.10.07"]
[Round "6.2"]
[White "Hauksson, Hordur Aron"]
[Black "Birkisson, Bjorn Holm"]
[Result "1/2-1/2"]
[WhiteElo "1958"]
[BlackElo "1907"]
[PlyCount "99"]
[EventDate "2015.09.13"]

1. d4 d5 2. c4 c6 3. Nc3 Nf6 4. e3 e6 5. Nf3 a6 6. a4 a5 7. Be2 Bb4 8. O-O Ne4
9. Nxe4 dxe4 10. Nd2 f5 11. f3 exf3 12. Nxf3 O-O 13. e4 fxe4 14. Ng5 Rxf1+ 15.
Bxf1 Bc5 16. Be3 Be7 17. Nxe4 Nd7 18. Bd3 Nf8 19. Qh5 Bd7 20. Rf1 Be8 21. Qg4
Bg6 22. Nc5 Bxc5 23. Bxg6 Nxg6 24. Qxe6+ Kh8 25. dxc5 Qd3 26. Re1 Rf8 27. Qd6
Qxc4 28. Qd4 Qxd4 29. Bxd4 Kg8 30. Bc3 Rf5 31. Re8+ Kf7 32. Rb8 Nf4 33. Rxb7+
Ke6 34. g4 Rg5 35. Rxg7 Rxg7 36. Bxg7 Nd3 37. Bc3 Nxc5 38. Bxa5 Nxa4 39. Bc3
Nxc3 40. bxc3 Ke5 41. Kg2 Kf4 42. h3 c5 43. c4 Ke4 44. h4 Kf4 45. Kh3 Kf3 46.
h5 Kf4 47. Kh4 h6 48. Kh3 Kf3 49. Kh4 Kf4 50. Kh3 1/2-1/2

[Event "Haustmót Taflfélags Reykjavíkur 2015,"]
[Site "Faxafen 12, Reykjavík"]
[Date "2015.10.07"]
[Round "6.3"]
[White "Sigurdsson, Snorri Thor"]
[Black "Ragnarsson, Johann"]
[Result "1/2-1/2"]
[WhiteElo "1956"]
[BlackElo "2033"]
[PlyCount "101"]
[EventDate "2015.09.13"]

1. d4 d5 2. Bf4 Nf6 3. e3 c5 4. dxc5 Nc6 5. Bb5 Ne4 6. b4 e6 7. Nf3 Bd7 8. Bxc6
Bxc6 9. O-O g5 10. Be5 f6 11. Bb2 e5 12. Nxe5 fxe5 13. Qh5+ Ke7 14. Bxe5 Be8
15. Qe2 Rg8 16. Rd1 Bg7 17. Bxg7 Rxg7 18. c4 Kf8 19. cxd5 Qf6 20. Qf3 Qxf3 21.
gxf3 Bh5 22. fxe4 Bxd1 23. Nc3 Bf3 24. e5 Ke7 25. Re1 Rf8 26. e4 Rf4 27. Re3
Rg4+ 28. Kf1 Rf7 29. b5 Rg2 30. c6 bxc6 31. bxc6 Rxh2 32. Ke1 Bg4 33. f3 Rxf3
34. d6+ Kd8 35. Rxf3 Bxf3 36. e6 Rh6 37. e7+ Ke8 38. Nb5 Rxd6 39. Nxd6+ Kxe7
40. c7 Bg4 41. c8=Q Bxc8 42. Nxc8+ Ke6 43. Nxa7 Ke5 44. Nb5 Kxe4 45. Kf2 Kd5
46. Kg3 h5 47. Nc7+ Kc5 48. Ne6+ Kb4 49. Nxg5 Ka3 50. Kh4 Kxa2 51. Kxh5 1/2-1/2

[Event "Haustmót Taflfélags Reykjavíkur 2015,"]
[Site "Faxafen 12, Reykjavík"]
[Date "2015.10.07"]
[Round "6.4"]
[White "Sigurjonsson, Siguringi"]
[Black "Birkisson, Bardur Orn"]
[Result "1-0"]
[WhiteElo "1989"]
[BlackElo "1854"]
[PlyCount "109"]
[EventDate "2015.09.13"]

1. g3 d5 2. Bg2 Nf6 3. d3 c6 4. f4 Bf5 5. Nf3 Nbd7 6. O-O e6 7. Nc3 Be7 8. Qe1
Nc5 9. b4 Ncd7 10. e4 dxe4 11. dxe4 Bg6 12. Rb1 O-O 13. h3 a5 14. bxa5 Nc5 15.
Ne5 Bxe4 16. Bxe4 Nfxe4 17. Nxe4 Rxa5 18. Nxc5 Bxc5+ 19. Be3 Bxe3+ 20. Qxe3
Rxa2 21. Rxb7 Rxc2 22. Nd7 Re8 23. Qd3 Ra2 24. Rfb1 Qe7 25. Qc4 Qa3 26. Qb3
Qxb3 27. R1xb3 f6 28. Rc3 e5 29. fxe5 fxe5 30. Re3 e4 31. Rb4 Rd8 32. Rd4 Rda8
33. Rdxe4 Ra1+ 34. Kf2 Rh1 35. h4 h6 36. Rc4 g5 37. hxg5 hxg5 38. Rxc6 Ra5 39.
Rec3 Rh2+ 40. Kf3 Kf7 41. R6c5 Rha2 42. Kg4 Ke6 43. Rxa5 Rxa5 44. Nc5+ Kf6 45.
Ne4+ Kg6 46. Rc6+ Kg7 47. Nxg5 Rb5 48. Kh5 Rb1 49. Rc7+ Kg8 50. g4 Rb6 51. Ne4
Re6 52. Ng3 Rb6 53. g5 Rb3 54. Ne4 Rb6 55. Nf6+ 1-0

[Event "Haustmót Taflfélags Reykjavíkur 2015,"]
[Site "Faxafen 12, Reykjavík"]
[Date "2015.10.07"]
[Round "6.5"]
[White "Jonsson, Olafur Gisli"]
[Black "Moller, Agnar T"]
[Result "1/2-1/2"]
[WhiteElo "1926"]
[BlackElo "1854"]
[PlyCount "85"]
[EventDate "2015.09.13"]

1. d4 d5 2. c4 c6 3. Nf3 e6 4. Nc3 dxc4 5. a4 Bb4 6. e4 b5 7. Be2 a6 8. O-O Bb7
9. Qc2 Ne7 10. Bg5 O-O 11. Rad1 h6 12. Bh4 Qc7 13. Bg3 Qb6 14. Na2 a5 15. Nxb4
axb4 16. Bd6 b3 17. Qc3 Qd8 18. Ba3 Rxa4 19. Ne5 Nd7 20. f4 Nf6 21. Bf3 Re8 22.
Bc5 Nd7 23. Bh5 Nxe5 24. fxe5 Ng6 25. Rxf7 Kxf7 26. Rf1+ Kg8 27. Bxg6 Re7 28.
Qf3 c3 29. Bf7+ Rxf7 30. Qxf7+ Kh7 31. Qxe6 cxb2 32. Qxb3 Ra1 33. Qxb2 Rxf1+
34. Kxf1 Qg8 35. h3 Bc8 36. Qf2 Qc4+ 37. Kg1 b4 38. Qb2 b3 39. Kh2 Be6 40. Ba3
Qd3 41. d5 cxd5 42. exd5 Qxd5 43. Bd6 1/2-1/2